Normal view
MARC view
Entry Personal Name
001 - CONTROL NUMBER
- control field: 8309
003 - CONTROL NUMBER IDENTIFIER
- control field: BD-RjUL
005 - DATE AND TIME OF LATEST TRANSACTION
- control field: 20230813103820.0
008 - FIXED-LENGTH DATA ELEMENTS
- fixed length control field: 230813|| aca||aabn | a|a d
040 ## - CATALOGING SOURCE
- Original cataloging agency: BD-RjUL
- Transcribing agency: BD-RjUL
100 ## - HEADING--PERSONAL NAME
- Personal name: সৈয়দ আলী আশরাফ
- Dates associated with a name: ১৯২৫, ০৮-০৭-১৯৯৮
670 ## - SOURCE DATA FOUND
- Source citation: Work cat.: (BD-RjUL)81673: আহম্মদ, এম. এম. রইচ উদ্দিন 8307, সৈয়দ আলী আশরাফ :, ২০০৭